|
|
|
|
| LEADER |
00000cam a2200000 7i4500 |
| 001 |
0000047022 |
| 005 |
20010724.0 |
| 090 |
0 |
0 |
|a 599.884
|b MAR
|
| 100 |
1 |
|
|a Foumeguere, Isabelle
|
| 245 |
1 |
0 |
|a Marathon wildlife collection [
|h video compact disc] :
|b gorillas
|c Isabelle Foumeguere
|
| 260 |
|
|
|a s.l :
|b Marathon International ,
|c 19-
|
| 300 |
|
|
|a 1 Video compact disc (45 minutes) :
|b col
|
| 500 |
|
|
|a Library has 2 copies
|
| 650 |
0 |
0 |
|a Gorilla
|
| 999 |
|
|
|a AV 02635
|b VIDEO COMPACT DISC
|c PINJAMAN
|e PERPUSTAKAAN KOMUNITI PETALING JAYA
|
| 999 |
|
|
|a AV 02636
|b VIDEO COMPACT DISC
|c PINJAMAN
|e PERPUSTAKAAN KOMUNITI PETALING JAYA
|